000 00784nam a2200241Ia 4500
003 OSt
005 20220918173208.0
006 a|||||r|||| 00| 0
007 ta
008 220917b |||||||| |||| 00| 0 eng d
024 _a5,579
037 _cTextual
040 _aARTS
_cARTS
_beng
041 _2eng
_aeng
082 _a2:97b4, K0
110 _aUnited States , National Science Foundation , Science Information Service (Office of-)
_945295
245 0 _aCurrent research and development in scientific documentation No 7
260 _aNil
_bNil
_c1960
650 _aLIBRARY SCIENCE
700 _aUnited States , National Science Foundation , Science Information Service (Office of-)
_945296
942 _h2:97b4, K0
_cTEXL
_2CC
999 _c147608
_d147608